000 01912cam a2200349 a 4500
003 EG-GiCUC
005 20250223031013.0
008 140628s2013 ua dh f m 000 0 eng d
040 _aEG-GiCUC
_beng
_cEG-GiCUC
041 0 _aeng
049 _aDeposite
097 _aPh.D
099 _aCai01.11.15.Ph.D.2013.Ma.R
100 0 _aMaha Mahmoud Zamzam
245 1 2 _aA randomized controlled trial comparing surgical evacuation of pregnancy with or without ultrasound guidancy /
_cMaha Mahmoud Zamzam ; Supervised Mohamed Momtaz Awad , Abdelmaguid Ismail Ramzy , Ahmed Mohamed Magdi
246 1 5 _aتجربة عشوائية تحت الفحص للمقارنة ما بين التفريغ الجراحى للحمل فى حالة الإستعانة بالموجات فوق الصوتية أو عدم الإستعانة بها
260 _aCairo :
_bMaha Mahmoud Zamzam ,
_c2013
300 _a163 Leaves :
_bcharts , facsimiles ;
_c25cm
502 _aThesis (Ph.D.) - Cairo University - Faculty of Medicine - Department of Gynecology and Obstetrics
520 _aApproximatly one in four women will experience a miscarriage during her lifetime. For more than 50 years, the standard management of early pregnancy failure has been a dilatation and curettage (D and C). Typically, the procedure is performed in an operating room, wich significantly increases cost. There is little objective information in this literature to prove that a D and C all patients will lower morbidity or improve emotional well being
530 _aIssued also as CD
653 4 _aMiscarriage
653 4 _aObstetrics
653 4 _aUltrasound
700 0 _aAbdelmaguid Ismail Ramzy ,
_eSupervisor
700 0 _aAhmed Mohamed Magdi ,
_eSupervisor
700 0 _aMohamed Momtaz Awad ,
_eSupervisor
856 _uhttp://172.23.153.220/th.pdf
905 _aNazla
_eRevisor
905 _aSamia
_eCataloger
942 _2ddc
_cTH
999 _c46417
_d46417